Normal view MARC view

Entry Uniform Title

Number of records used in: 1

001 - CONTROL NUMBER

  • control field: 53470

003 - CONTROL NUMBER IDENTIFIER

  • control field: dpl

005 - DATE AND TIME OF LATEST TRANSACTION

  • control field: 20121101104721.0

008 - FIXED-LENGTH DATA ELEMENTS

  • fixed length control field: 121101|||a|||||| | ||| d

040 ## - CATALOGING SOURCE

  • Original cataloging agency: dpl
  • Transcribing agency: dpl

130 ## - HEADING--UNIFORM TITLE

  • Uniform title: MATLAB
  • Form subdivision: Textbooks.

670 ## - SOURCE DATA FOUND

  • Source citation: Work cat.: (dpl)0: Chapra, Steven C. 53469, Applied numerical methods with MATLAB for engineers and scientists /, c2012

670 ## - SOURCE DATA FOUND

  • Source citation: Work cat.: (dpl)0: Chapra, Steven C. 53469, Applied numerical methods with MATLAB for engineers and scientists /, c2012

© Delhi Public Library
Hit Counter
free hit counter